各声母最北端的中国城市 - Statistics

General Stats
  • This quiz has been taken 14 times
  • The average score is 39 of 119
Answer Stats
声母 北纬 省级行政区 地级行政区 % Correct
m 53 黑龙江省 漠河市
92%
h 50.3 黑龙江省 黑河市
85%
d 46.6 黑龙江省 大庆市
77%
q 47.4 黑龙江省 齐齐哈尔市
77%
b 48.2 黑龙江省 北安市
69%
m 44.6 黑龙江省 牡丹江市
69%
f 48.4 黑龙江省 抚远市
69%
g 50.8 内蒙古自治区 根河市
69%
m 49.6 内蒙古自治区 满洲里市
62%
n 49.2 黑龙江省 嫩江市
62%
h 49.2 内蒙古自治区 呼伦贝尔市
62%
h 47.4 黑龙江省 鹤岗市
62%
j 46.8 黑龙江省 佳木斯市
62%
y 42.9 吉林省 延吉市
62%
b 47.3 新疆维吾尔自治区 北屯市
54%
b 44.9 新疆维吾尔自治区 博乐市
54%
t 43.7 内蒙古自治区 通辽市
54%
n 48.5 黑龙江省 讷河市
54%
j 43.8 吉林省 吉林市
54%
sh 46.7 黑龙江省 双鸭山市
54%
s 46.7 黑龙江省 绥化市
54%
y 49.3 内蒙古自治区 牙克石市
54%
w 48.5 黑龙江省 五大连池市
54%
韵母 47.8 新疆维吾尔自治区 阿勒泰市
54%
b 45.6 吉林省 白城市
46%
f 45 吉林省 扶余市
46%
d 45.5 吉林省 大安市
46%
l 41.3 辽宁省 辽阳市
46%
g 43.5 吉林省 公主岭市
46%
h 45.8 黑龙江省 哈尔滨市
46%
j 45.3 黑龙江省 鸡西市
46%
q 45.8 黑龙江省 七台河市
46%
zh 48 内蒙古自治区 扎兰屯市
46%
ch 43.8 吉林省 长春市
46%
ch 41 河北省 承德市
46%
y 47.7 黑龙江省 伊春市
46%
y 44.8 吉林省 榆树市
46%
w 46.1 内蒙古自治区 乌兰浩特市
46%
w 44.9 黑龙江省 五常市
46%
p 41.1 辽宁省 盘锦市
38%
f 42 辽宁省 阜新市
38%
d 44.5 吉林省 德惠市
38%
l 42.9 吉林省 辽源市
38%
j 41.1 吉林省 集安市
38%
x 38.4 山西省 忻州市
38%
ch 41.6 辽宁省 朝阳市
38%
s 45.1 吉林省 松原市
38%
韵母 50.2 内蒙古自治区 额尔古纳市
38%
韵母 47.2 内蒙古自治区 阿尔山市
38%
m 45.5 黑龙江省 密山市
31%
m 44.9 黑龙江省 穆棱市
31%
f 47.2 黑龙江省 富锦市
31%
d 43.4 吉林省 敦化市
31%
t 47.6 黑龙江省 同江市
31%
t 47 黑龙江省 铁力市
31%
k 41.7 新疆维吾尔自治区 库尔勒市
31%
q 39.9 河北省 秦皇岛市
31%
x 43.9 内蒙古自治区 锡林浩特市
31%
zh 40.8 河北省 张家口市
31%
ch 44 新疆维吾尔自治区 昌吉市
31%
ch 42.3 内蒙古自治区 赤峰市
31%
sh 45.2 黑龙江省 尚志市
31%
sh 44.4 吉林省 舒兰市
31%
r 35.4 山东省 日照市
31%
z 36.8 山东省 淄博市
31%
c 28 西藏自治区 错那市
31%
s 44.4 黑龙江省 绥芬河市
31%
s 43.2 吉林省 四平市
31%
p 42.9 吉林省 磐石市
23%
p 41 河北省 平泉市
23%
p 35.8 河南省 濮阳市
23%
t 46.8 新疆维吾尔自治区 塔城市
23%
n 33 河南省 南阳市
23%
l 42.8 吉林省 龙井市
23%
k 45.6 新疆维吾尔自治区 克拉玛依市
23%
h 47.4 黑龙江省 海伦市
23%
j 43.7 吉林省 蛟河市
23%
x 42.8 新疆维吾尔自治区 新星市
23%
x 42 辽宁省 新民市
23%
c 38.3 河北省 沧州市
23%
c 22.9 广西壮族自治区 岑溪市
23%
y 43.9 新疆维吾尔自治区 伊宁市
23%
w 44.4 新疆维吾尔自治区 乌苏市
23%
w 44.2 新疆维吾尔自治区 五家渠市
23%
韵母 46.4 黑龙江省 安达市
23%
韵母 45.2 新疆维吾尔自治区 阿拉山口市
23%
b 46.7 新疆维吾尔自治区 白杨市
15%
f 44.2 新疆维吾尔自治区 阜康市
15%
d 44.1 黑龙江省 东宁市
15%
t 45.4 吉林省 洮南市
15%
n 44.3 黑龙江省 宁安市
15%
n 37.4 河北省 南宫市
15%
l 41.8 吉林省 临江市
15%
l 41.2 辽宁省 凌源市
15%
k 43.9 新疆维吾尔自治区 可克达拉市
15%
k 42.5 辽宁省 开原市
15%
zh 46 黑龙江省 肇东市
15%
sh 44.8 新疆维吾尔自治区 双河市
15%
r 38.7 河北省 任丘市
15%
c 30.2 浙江省 慈溪市
15%
p 36.8 山东省 平度市
8%
g 37.9 山西省 古交市
8%
k 44.4 新疆维吾尔自治区 奎屯市
8%
q 40 河北省 迁安市
8%
q 38 宁夏回族自治区 青铜峡市
8%
x 40.6 辽宁省 兴城市
8%
zh 39.7 辽宁省 庄河市
8%
zh 39.5 河北省 涿州市
8%
sh 44.3 新疆维吾尔自治区 沙湾市
8%
r 37.2 山东省 荣成市
8%
r 36.9 山东省 乳山市
8%
r 34.2 河南省 汝州市
8%
z 37.1 陕西省 子长市
8%
s 40 河北省 三河市
8%
g 40.4 辽宁省 盖州市
0%
g 39.3 河北省 高碑店市
0%
z 40.2 河北省 遵化市
0%
z 36.9 山东省 邹平市
0%
z 35.4 山东省 邹城市
0%
No matching quizzes found
Score Distribution
Percent of People with Each Score
Percentile by Number Answered
Your Score History
You have not taken this quiz